Investment opportunities : Indonesia investment guide.
| Corporate Author: | |
|---|---|
| Format: | Book |
| Published: |
Jakarta:
The Investment Coordinating Board The Republic of Indonesia,
2006.
|
| Subjects: |
| LEADER | 00504cam a2200145 7i4500 | ||
|---|---|---|---|
| 001 | 0000020922 | ||
| 005 | 20080321090000.0 | ||
| 090 | 0 | 0 | |a INDO 332.6 |b INV |
| 110 | 2 | 0 | |a The Investment Coordinating Board [BKPM] |
| 245 | 0 | 0 | |a Investment opportunities : |b Indonesia investment guide. |
| 260 | 0 | 0 | |a Jakarta: |b The Investment Coordinating Board The Republic of Indonesia, |c 2006. |
| 300 | # | # | |a 129 p. |
| 650 | 0 | 0 | |a Investments -- |z Indonesia |
| 651 | 0 | 0 | |a Indonesia |
| 999 | |a 0000021573 |b Book |c Countries |e Business Information Centre | ||